Name Small Mammals By Picture - Statistics

General Stats
  • This quiz has been taken 16 times
  • The average score is 5 of 7
Answer Stats
Picture Answer % Correct
Hedgehog
100%
Guinea Pig
93%
Chinchilla
87%
Ferret
80%
Hamster
80%
Sugar Glider
53%
Gerbil
40%
No matching quizzes found
Score Distribution
Percent of People with Each Score
Percentile by Number Answered
Your Score History
You have not taken this quiz